1792 1540 1541 1261 1040 1928 1351 1490 1132 1484 1460 1820 1001 1521 1371 1040 1504 1483 1354 1942 1795 1352 1897 1130 1248 1163 1595 1593 1467 1874 1655 1000 1495 1203 1227 1244 1014 1169 1440 1939 1915 1396 1084 1106 1103 1390 1895 1917 1876 1239 1265 1125 1080 1191 1595 1208 1232 1019 1593 1870 1106 1454 1651 1390 1491 1630 1113 1036 1050 1715 1357 1155 1527 1906 1301 1816 1034 1407 1640 1212 1427 1887 1598 1736 1149 1293 1373 1095 1624 1018 1776 1331 1103 1497 1536 1875 1551 1505 1684 BCNSPRNW ULIB Ver.6.0+V

เปลี่ยนเป็นภาษาไทย

Change to English
 แสดงรายละเอียดบรรณานุกรม
  กลับหน้าหลัก

Brief Record : Get Marc (ISO 2709) : E-mail record : QR code < ปิดหน้าต่าง
LEADER : 00000nam 2200000uu 4500
001    13399115037
003     ULIB
008    020711s2552 th a 000 0 tha d
020    ^a9789742128951
082 04 ^aรส.^bร795T
090    ^aรส.^bร795T
100    ^aWilkie Collins
245    ^aปริศนาหญิงชุดขาว/^cilkie Collins
260    ^aกรุงเทพฯ :^bซีเอ็ด,^c2552
300    141 หน้า
500    ชุดอ่านอังกฤษ เก่งอังกฤษ
501    Stage 6
945    ^p125^l0^i028460
999 ^a ทศพร
รายการนี้ยังไม่มีแท็ก
คุณยังไม่ได้ล็อกอิน คุณสามารถมีกิจกรรมร่วมกับเว็บไซต์ได้ แต่ต้องล็อกอินก่อน ::
  ล็อกอิน

รายการสื่อสารสนเทศ

ลำดับที่ ประเภท เลขเรียก/บาร์โค้ด สถานที่ สถานะ
1. นวนิยาย
นวนิยาย
รส. ร795T รส. ร795T ฉ.1 
  Barcode: 028460
ห้องสมุดวิทยาเขตสวรรค์ประชารักษ์
►นวนิยาย
บนชั้น
  ขอยืม

BibComment


ยังไม่เคยถูกคอมเมนท์

คอมเมนท์ทรัพยากรรายการนี้
  คอมเมนท์: ปริศนาหญิงชุดขาว..


 Copyright 2026. Bcnsprnw @Library